[Event "6. OPEN International Ch of Vojvodina 20"]
[Site "Novi Sad"]
[Date "2015.07.25"]
[Round "2.31"]
[White "Banduka, Zeljko"]
[Black "Radovanovic, Mihajlo"]
[Result "0-1"]
[WhiteElo "2108"]
[BlackElo "2245"]
[PlyCount "67"]
[EventDate "2015.07.25"]

1. d4 Nf6 2. Nf3 e6 3. c4 Bb4+ 4. Bd2 Qe7 5. g3 O-O 6. Bg2 Bxd2+ 7. Qxd2 d6 8.
O-O h6 9. Nc3 Re8 10. e4 e5 11. Rfe1 Bg4 12. dxe5 dxe5 13. Nd5 Qd8 14. Qb4 Bxf3
15. Bxf3 b6 16. Rad1 Nc6 17. Qc3 Nd4 18. Bg2 c6 19. Ne3 Nh7 20. f4 Nf8 21. fxe5
Nfe6 22. Kh1 c5 23. Nf5 Qc7 24. Nd6 Re7 25. Rd2 Nc6 26. Rd5 Ned4 27. Rf1 Rf8
28. e6 fxe6 29. Rxf8+ Kxf8 30. Nb5 Nxb5 31. cxb5 exd5 32. bxc6 dxe4 33. Bxe4
Rxe4 34. Qf3+ 0-1

[Event "6. OPEN International Ch of Vojvodina 20"]
[Site "Novi Sad"]
[Date "2015.07.25"]
[Round "2.32"]
[White "Matovic, Mihajlo Z"]
[Black "Tuturin, Sergey"]
[Result "1/2-1/2"]
[WhiteElo "2100"]
[BlackElo "2242"]
[PlyCount "84"]
[EventDate "2015.07.25"]

1. e4 e6 2. d4 d5 3. e5 c5 4. c3 Qb6 5. Nf3 Bd7 6. Bd3 Bb5 7. O-O Bxd3 8. Qxd3
Qa6 9. Qd1 Nc6 10. Be3 cxd4 11. cxd4 Nge7 12. Nc3 Nf5 13. a3 Qb6 14. b4 Be7 15.
Na4 Qb5 16. Rc1 a5 17. Nc3 Qb6 18. Na4 Qa6 19. b5 Qxb5 20. Rb1 Qa6 21. Rb6 Qc4
22. Rxb7 Rb8 23. Nb2 Qa6 24. Rxb8+ Nxb8 25. Qa4+ Nc6 26. Rc1 Kd7 27. Nd3 Rb8
28. Bg5 Qb5 29. Qxb5 Rxb5 30. Bxe7 Nfxe7 31. Nc5+ Ke8 32. g4 h6 33. Kg2 Kd8 34.
Rc3 Kc7 35. h4 g6 36. Kg3 Rb1 37. Nb3 Kb6 38. Nc5 Rb5 39. Kf4 Kc7 40. Ke3 Rb1
41. Nb3 Kb6 42. Nc5 Kc7 1/2-1/2

[Event "6. OPEN International Ch of Vojvodina 20"]
[Site "Novi Sad"]
[Date "2015.07.25"]
[Round "2.33"]
[White "Sohier, Julien"]
[Black "Stojkovic, Nenad P"]
[Result "1-0"]
[WhiteElo "2239"]
[BlackElo "2096"]
[PlyCount "41"]
[EventDate "2015.07.25"]

1. d4 d5 2. c4 c6 3. Nf3 Nf6 4. Nc3 e6 5. Bg5 Be7 6. e3 Nbd7 7. cxd5 Nxd5 8.
Bxe7 Qxe7 9. Bd3 O-O 10. O-O b6 11. Qd2 Bb7 12. Rfe1 c5 13. e4 cxd4 14. Nxd5
exd5 15. exd5 Qd6 16. Nxd4 Nf6 17. Nf5 Qd7 18. Qg5 g6 19. Qxf6 gxf5 20. Re3 f4
21. Rh3 1-0

[Event "6. OPEN International Ch of Vojvodina 20"]
[Site "Novi Sad"]
[Date "2015.07.25"]
[Round "2.34"]
[White "Kozomora, Dragan"]
[Black "Kovacevic, Sinisa"]
[Result "1-0"]
[WhiteElo "2094"]
[BlackElo "2236"]
[PlyCount "115"]
[EventDate "2015.07.25"]

1. Nf3 d5 2. g3 Nf6 3. Bg2 g6 4. O-O Bg7 5. c4 c6 6. cxd5 cxd5 7. d4 Nc6 8. Bg5
Ne4 9. Bf4 Qb6 10. Nc3 Nxc3 11. bxc3 O-O 12. e4 dxe4 13. Nd2 f5 14. Rb1 Qa6 15.
Qb3+ Kh8 16. Rfe1 e5 17. Bf1 Qb6 18. Qa3 Qd8 19. dxe5 g5 20. Be3 Nxe5 21. Bd4
Qc7 22. f4 gxf4 23. gxf4 Ng6 24. Re3 Qxf4 25. Bxg7+ Kxg7 26. c4 b6 27. c5 Be6
28. c6 Bd5 29. Rc1 Qg5+ 30. Kf2 f4 31. Rxe4 Bxe4 32. Nxe4 Qe5 33. Qc3 Rac8 34.
c7 Qxc3 35. Rxc3 Ne7 36. Nd6 Kf6 37. Ba6 Ke5 38. Nxc8 Nxc8 39. Rd3 Rf7 40. Rd8
Rxc7 41. Rxc8 Rd7 42. Re8+ Kd4 43. Kf3 Kc3 44. Kxf4 Kb2 45. Re2+ Ka3 46. Bc4 a5
47. h4 Rd6 48. h5 h6 49. Ke5 Rc6 50. Bd5 Rc1 51. Kf6 Rg1 52. Re3+ Kb4 53. Bf7
b5 54. Bg6 Ra1 55. Re2 Ka3 56. Kg7 Rxa2 57. Rxa2+ Kxa2 58. Kxh6 1-0

[Event "6. OPEN International Ch of Vojvodina 20"]
[Site "Novi Sad"]
[Date "2015.07.25"]
[Round "2.36"]
[White "Ovchinnikov, Vsevolod"]
[Black "Vujevic, Tomislav"]
[Result "1-0"]
[WhiteElo "2231"]
[BlackElo "2067"]
[PlyCount "105"]
[EventDate "2015.07.25"]

1. d4 d5 2. c4 c6 3. Nf3 Nf6 4. Nc3 a6 5. e3 Bf5 6. Bd3 Bxd3 7. Qxd3 e6 8. O-O
Bd6 9. e4 dxe4 10. Nxe4 Nxe4 11. Qxe4 Nd7 12. b3 Nf6 13. Qc2 O-O 14. Bb2 Qe7
15. Rad1 Ba3 16. Ba1 Bb4 17. Rd3 Rfd8 18. Rfd1 Bd6 19. Re3 Bf4 20. Re2 Rac8 21.
g3 Bb8 22. Bc3 Bd6 23. Kg2 Bb4 24. Bb2 Ba3 25. Ba1 Bd6 26. Re3 Qf8 27. Qb1 Be7
28. Rde1 Bb4 29. R1e2 Be7 30. h3 Bd6 31. d5 cxd5 32. Bxf6 gxf6 33. cxd5 Bc5 34.
Rd3 exd5 35. Qd1 Qd6 36. Nd4 Bxd4 37. Rxd4 Rd7 38. Red2 Rcd8 39. Qh5 Qe5 40.
Rg4+ Kh8 41. Qh6 f5 42. Re2 Qc3 43. Rg5 f4 44. Ree5 f3+ 45. Kh2 Qxe5 46. Rxe5
Rd6 47. Qf4 Kg7 48. Re7 Rf6 49. Qg5+ Rg6 50. Qe3 Rf6 51. g4 h6 52. h4 Kg6 53.
h5+ 1-0

[Event "6. OPEN International Ch of Vojvodina 20"]
[Site "Novi Sad"]
[Date "2015.07.25"]
[Round "2.37"]
[White "Parnicki, Zlatko"]
[Black "Ujhazi, Ivan"]
[Result "1-0"]
[WhiteElo "2071"]
[BlackElo "2231"]
[PlyCount "77"]
[EventDate "2015.07.25"]

1. e4 c5 2. Nf3 Nc6 3. Bb5 g6 4. O-O Bg7 5. Re1 e5 6. d3 Nge7 7. Bg5 h6 8. Be3
d6 9. c3 O-O 10. Bc4 Kh7 11. d4 exd4 12. cxd4 f5 13. e5 f4 14. Bc1 cxd4 15. e6
d5 16. Bb3 Qd6 17. Na3 a6 18. Nc2 Nf5 19. Qd2 g5 20. h4 g4 21. Nh2 Nxh4 22. e7
Nxe7 23. Nxd4 Bd7 24. Qd3+ Neg6 25. Bd2 Kh8 26. Bc2 g3 27. Nhf3 gxf2+ 28. Kxf2
Nxf3 29. gxf3 Qb6 30. Bc3 Bf5 31. Re6 Bxe6 32. Qxg6 Bxd4+ 33. Ke2 Bf5 34. Qxb6
Rae8+ 35. Kd2 Bxc3+ 36. bxc3 Bxc2 37. Kxc2 Re2+ 38. Kb3 Rh2 39. Rg1 1-0

[Event "6. OPEN International Ch of Vojvodina 20"]
[Site "Novi Sad"]
[Date "2015.07.25"]
[Round "2.38"]
[White "Tsiros, Fragkiskos Vlasios"]
[Black "Tomin, Ksenija"]
[Result "1-0"]
[WhiteElo "2228"]
[BlackElo "2058"]
[PlyCount "75"]
[EventDate "2015.07.25"]

1. e4 c5 2. Nf3 e6 3. g3 Nc6 4. Bg2 d6 5. O-O Nf6 6. Qe2 Qc7 7. c3 Be7 8. d4
cxd4 9. cxd4 O-O 10. Nc3 a6 11. Rd1 Rd8 12. h3 b5 13. a3 Bb7 14. d5 exd5 15.
exd5 Na5 16. Nd4 Re8 17. Bf4 Rac8 18. Nf5 Bf8 19. Qf3 Nc4 20. Rdc1 Qd7 21. g4
Nxb2 22. Bg5 Nc4 23. Bxf6 gxf6 24. Ne4 Qd8 25. Nfg3 Bg7 26. Nh5 Kh8 27. Nhxf6
Rxe4 28. Nxe4 Bxa1 29. Rxa1 Bxd5 30. Qf5 Be6 31. Qf4 d5 32. Nf6 Rc6 33. Re1 Qf8
34. Bxd5 Rd6 35. Bxc4 bxc4 36. Qe5 Rd8 37. Ne8+ Kg8 38. Qg5+ 1-0

[Event "6. OPEN International Ch of Vojvodina 20"]
[Site "Novi Sad"]
[Date "2015.07.25"]
[Round "2.39"]
[White "Stojkovska, Monika"]
[Black "Bernard, Jacques"]
[Result "1/2-1/2"]
[WhiteElo "2061"]
[BlackElo "2227"]
[PlyCount "64"]
[EventDate "2015.07.25"]

1. e4 c5 2. Nf3 Nc6 3. d4 cxd4 4. Nxd4 Qb6 5. Nb3 e6 6. Nc3 a6 7. Bd3 Nf6 8.
O-O Qc7 9. f4 d6 10. Qf3 Rb8 11. a4 b6 12. Bd2 Bb7 13. Rae1 Be7 14. Qh3 Nb4 15.
f5 Nxd3 16. cxd3 exf5 17. Qxf5 O-O 18. Rc1 Qd7 19. Nd4 Rfe8 20. Bg5 Rbd8 21.
Kh1 h6 22. Bxf6 Bxf6 23. Qf2 d5 24. Nxd5 Bxd5 25. exd5 Bxd4 26. Qxd4 Qxd5 27.
Qxb6 Re2 28. Rf2 Rxf2 29. Qxf2 Qxd3 30. h3 Qb3 31. Qc2 Rb8 32. Qxb3 Rxb3
1/2-1/2

[Event "6. OPEN International Ch of Vojvodina 20"]
[Site "Novi Sad"]
[Date "2015.07.25"]
[Round "2.40"]
[White "Bokan, Danko"]
[Black "Belanji, Branislav"]
[Result "1-0"]
[WhiteElo "2223"]
[BlackElo "1870"]
[PlyCount "77"]
[EventDate "2015.07.25"]

1. e4 e6 2. d4 d5 3. e5 c5 4. c3 Nc6 5. Nf3 cxd4 6. cxd4 Nge7 7. Bd3 Bd7 8. Nc3
Ng6 9. h4 Bb4 10. Kf1 a6 11. Ne2 f5 12. h5 Nf8 13. g3 Be7 14. Nf4 Qb6 15. Kg2
a5 16. a3 Nd8 17. Qe2 Nf7 18. Be3 Nh6 19. Rac1 Ng4 20. Bxf5 Nxe3+ 21. Qxe3 Qxb2
22. Rc3 exf5 23. Nxd5 Ne6 24. Nxe7 Kxe7 25. d5 f4 26. gxf4 Nxf4+ 27. Qxf4 Qxc3
28. d6+ Kd8 29. Qg5+ Kc8 30. Rc1 Qxc1 31. Qxc1+ Bc6 32. e6 Rf8 33. e7 Re8 34.
Kg3 Kd7 35. Qc5 Rac8 36. Ne5+ Ke6 37. Nc4 Rg8 38. Qe5+ Kf7 39. Qf5+ 1-0

[Event "6. OPEN International Ch of Vojvodina 20"]
[Site "Novi Sad"]
[Date "2015.07.25"]
[Round "2.40"]
[White "Tancik, Kristijan"]
[Black "Velikic, Adela"]
[Result "1/2-1/2"]
[WhiteElo "2279"]
[BlackElo "2128"]
[PlyCount "41"]
[EventDate "2015.07.25"]

1. d4 d5 2. c4 dxc4 3. e4 e5 4. Nf3 exd4 5. Bxc4 Nc6 6. O-O Be6 7. Bb5 Bc5 8.
b4 Bb6 9. a4 a5 10. bxa5 Rxa5 11. Nbd2 h6 12. Nb3 Bxb3 13. Qxb3 Nge7 14. Ne5
O-O 15. Nc4 Ra8 16. Nxb6 cxb6 17. Qg3 Kh8 18. Ba3 Qd7 19. Rad1 Rfd8 20. f4 f5
21. Bxe7 1/2-1/2